<?xml version="1.0" encoding="UTF-8"?>
<record
    xmlns:xsi="http://www.w3.org/2001/XMLSchema-instance"
    xsi:schemaLocation="http://www.loc.gov/MARC21/slim http://www.loc.gov/standards/marcxml/schema/MARC21slim.xsd"
    xmlns="http://www.loc.gov/MARC21/slim">

  <leader>01398nam0a2200337   4500</leader>
  <controlfield tag="001">RU\NLR\bibl\56352</controlfield>
  <controlfield tag="005">20250616085907.0</controlfield>
  <datafield tag="010" ind1=" " ind2=" ">
    <subfield code="a">5-89176-047-9</subfield>
    <subfield code="9">500</subfield>
  </datafield>
  <datafield tag="021" ind1=" " ind2=" ">
    <subfield code="a">RU</subfield>
    <subfield code="b">99-33282</subfield>
    <subfield code="9">1638</subfield>
  </datafield>
  <datafield tag="035" ind1=" " ind2=" ">
    <subfield code="a">(NLR Aleph) 000054956</subfield>
  </datafield>
  <datafield tag="090" ind1=" " ind2=" ">
    <subfield code="a">296548</subfield>
    <subfield code="c">296548</subfield>
  </datafield>
  <datafield tag="100" ind1=" " ind2=" ">
    <subfield code="a">19991102d1999    |||y0rusy50      ca</subfield>
  </datafield>
  <datafield tag="101" ind1="0" ind2=" ">
    <subfield code="a">rus</subfield>
  </datafield>
  <datafield tag="102" ind1=" " ind2=" ">
    <subfield code="a">RU</subfield>
  </datafield>
  <datafield tag="105" ind1=" " ind2=" ">
    <subfield code="a">a   |||||||||</subfield>
  </datafield>
  <datafield tag="200" ind1="1" ind2=" ">
    <subfield code="a">&#x414;&#x438;&#x43D;&#x430;&#x43C;&#x438;&#x43A;&#x430; &#x43C;&#x430;&#x441;&#x441;&#x438;&#x432;&#x43D;&#x44B;&#x445; &#x442;&#x435;&#x43B; &#x438; &#x440;&#x435;&#x437;&#x43E;&#x43D;&#x430;&#x43D;&#x441;&#x43D;&#x44B;&#x435; &#x44F;&#x432;&#x43B;&#x435;&#x43D;&#x438;&#x44F; &#x432; &#x434;&#x435;&#x444;&#x43E;&#x440;&#x43C;&#x438;&#x440;&#x443;&#x435;&#x43C;&#x44B;&#x445; &#x441;&#x440;&#x435;&#x434;&#x430;&#x445;</subfield>
    <subfield code="f">&#x412;&#x43E;&#x440;&#x43E;&#x432;&#x438;&#x447; &#x418;.&#x418;., &#x411;&#x430;&#x431;&#x435;&#x448;&#x43A;&#x43E; &#x412;.&#x410;., &#x41F;&#x440;&#x44F;&#x445;&#x438;&#x43D;&#x430; &#x41E;.&#x414;.</subfield>
  </datafield>
  <datafield tag="210" ind1=" " ind2=" ">
    <subfield code="a">&#x41C;.</subfield>
    <subfield code="c">&#x41D;&#x430;&#x443;&#x447;. &#x43C;&#x438;&#x440;</subfield>
    <subfield code="d">1999</subfield>
  </datafield>
  <datafield tag="215" ind1=" " ind2=" ">
    <subfield code="a">246 &#x441;.</subfield>
    <subfield code="c">&#x438;&#x43B;.</subfield>
    <subfield code="d">22</subfield>
  </datafield>
  <datafield tag="320" ind1=" " ind2=" ">
    <subfield code="a">&#x411;&#x438;&#x431;&#x43B;&#x438;&#x43E;&#x433;&#x440;.: &#x441;. 232-242</subfield>
  </datafield>
  <datafield tag="606" ind1="0" ind2=" ">
    <subfield code="a">&#x421;&#x43B;&#x43E;&#x438;&#x441;&#x442;&#x44B;&#x435; &#x441;&#x440;&#x435;&#x434;&#x44B;</subfield>
    <subfield code="x">&#x414;&#x438;&#x43D;&#x430;&#x43C;&#x438;&#x447;&#x435;&#x441;&#x43A;&#x438;&#x435; &#x437;&#x430;&#x434;&#x430;&#x447;&#x438;</subfield>
    <subfield code="9">1632609</subfield>
    <subfield code="3">RU\NLR\auth\661019608</subfield>
  </datafield>
  <datafield tag="686" ind1=" " ind2=" ">
    <subfield code="a">&#x412;251.196</subfield>
  </datafield>
  <datafield tag="700" ind1=" " ind2="1">
    <subfield code="a">&#x412;&#x43E;&#x440;&#x43E;&#x432;&#x438;&#x447;</subfield>
    <subfield code="b">&#x418;. &#x418;.</subfield>
    <subfield code="g">&#x418;&#x43E;&#x441;&#x438;&#x444; &#x418;&#x437;&#x440;&#x430;&#x438;&#x43B;&#x435;&#x432;&#x438;&#x447;</subfield>
    <subfield code="4">070</subfield>
  </datafield>
  <datafield tag="701" ind1=" " ind2="1">
    <subfield code="4">070</subfield>
    <subfield code="7">ca</subfield>
    <subfield code="8">rus</subfield>
    <subfield code="a">&#x411;&#x430;&#x431;&#x435;&#x448;&#x43A;&#x43E;</subfield>
    <subfield code="b">&#x412;. &#x410;.</subfield>
    <subfield code="f">1941-</subfield>
    <subfield code="g">&#x412;&#x43B;&#x430;&#x434;&#x438;&#x43C;&#x438;&#x440; &#x410;&#x43D;&#x434;&#x440;&#x435;&#x435;&#x432;&#x438;&#x447;</subfield>
    <subfield code="9">155906</subfield>
    <subfield code="3">RU\NLR\AUTH\770155945</subfield>
  </datafield>
  <datafield tag="701" ind1=" " ind2="1">
    <subfield code="4">070</subfield>
    <subfield code="7">ca</subfield>
    <subfield code="8">rus</subfield>
    <subfield code="a">&#x41F;&#x440;&#x44F;&#x445;&#x438;&#x43D;&#x430;</subfield>
    <subfield code="b">&#x41E;. &#x414;.</subfield>
    <subfield code="f">1951-</subfield>
    <subfield code="g">&#x41E;&#x43B;&#x44C;&#x433;&#x430; &#x414;&#x43E;&#x43D;&#x430;&#x442;&#x43E;&#x432;&#x43D;&#x430;</subfield>
    <subfield code="9">155398</subfield>
    <subfield code="3">RU\NLR\AUTH\770155437</subfield>
  </datafield>
  <datafield tag="801" ind1=" " ind2="0">
    <subfield code="a">RU</subfield>
    <subfield code="b">NLR</subfield>
    <subfield code="c">19991102</subfield>
    <subfield code="g">PSBO</subfield>
  </datafield>
  <datafield tag="801" ind1=" " ind2="1">
    <subfield code="a">RU</subfield>
    <subfield code="b">NLR</subfield>
    <subfield code="c">19991102</subfield>
  </datafield>
  <datafield tag="852" ind1=" " ind2=" ">
    <subfield code="a">NLR</subfield>
    <subfield code="j">99-5/3365</subfield>
  </datafield>
  <datafield tag="942" ind1=" " ind2=" ">
    <subfield code="c">BOOK</subfield>
  </datafield>
  <datafield tag="980" ind1=" " ind2=" ">
    <subfield code="a">NB</subfield>
  </datafield>
  <datafield tag="995" ind1=" " ind2=" ">
    <subfield code="5">2013-10-26</subfield>
    <subfield code="b">NLR01</subfield>
    <subfield code="c">NLR01</subfield>
    <subfield code="e">RF8</subfield>
    <subfield code="f">1-941263</subfield>
    <subfield code="k">99-5/3365</subfield>
    <subfield code="o">0</subfield>
    <subfield code="r">BOOK</subfield>
    <subfield code="s">9953365_</subfield>
  </datafield>
</record>
